Alfabeto Fonético - Statistics

Estatísticas Gerais
  • Esse quiz foi jogado 1 417 vezes
  • A pontuação média é 19 de 26
Estatísticas das Respostas
Letra Código % Correto
A Alpha
100%
C Charlie
92%
D Delta
92%
B Bravo
90%
I India
85%
E Echo
81%
F Foxtrot
81%
G Golf
81%
H Hotel
81%
L Lima
78%
P Papa
77%
K Kilo
74%
M Mike
71%
O Oscar
71%
Q Quebec
71%
N November
69%
Z Zulu
69%
S Sierra
68%
T Tango
68%
R Romeo
64%
X X-ray
63%
U Uniform
62%
W Whiskey
60%
V Victor
58%
Y Yankee
58%
J Juliett
57%
Nenhum quiz correspondente encontrado
Distribuição das Pontuações
Porcentagem de Pessoas com Cada Pontuação
Percentil de Números Respondidos
Sua Pontuação Histórica
Você não jogou esse quiz